[Event "IND-ch Women 2019"]
[Site "Karaikkudi"]
[Date "2019.07.25"]
[Round "9.8"]
[White "Michelle Catherina, P."]
[Black "Chitlange Sakshi"]
[Result "1-0"]
[WhiteElo "2226"]
[BlackElo "2168"]
[Annotator "NA"]
[PlyCount "159"]
[EventDate "2019.07.19"]
[EventType "swiss"]
[EventCountry "IND"]
[SourceTitle "playchess.com"]
[Source "ChessBase"]
[SourceQuality "1"]
[TimeControl "40/5400+30:1800+30"]

1. e4 {[%emt 0:01:46]} c6 {[%emt 0:00:00]} 2. d4 {[%emt 0:00:10]} d5 {[%emt 0:00:00]} 3. exd5 {[%emt 0:00:10]} cxd5 {[%emt 0:00:00]} 4. c4 {[%emt 0:00:04]} Nf6 {[%emt 0:00:38]} 5. Nc3 {[%emt 0:00:08]} Nc6 {[%emt 0:00:37]} 6. Bg5 {[%emt 0:02:34]} dxc4 {[%emt 0:01:03]} 7. Bxc4 {[%emt 0:07:40]} h6 {[%emt 0:02:37]} 8. Be3 {[%emt 0:07:51]} e6 {[%emt 0:01:57]} 9. Nf3 {[%emt 0:02:10]} Be7 {[%emt 0:02:06]} 10. O-O {[%emt 0:01:30]} O-O {[%emt 0:00:05]} 11. a3 {[%emt 0:04:22]} b6 {[%emt 0:04:45]} 12. Re1 {[%emt 0:05:01]} Bb7 {[%emt 0:00:55]} 13. Ba2 {[%emt 0:01:18]} Rc8 {[%emt 0:01:44]} 14. Qd3 {[%emt 0:04:59]} Re8 {[%emt 0:03:54]} 15. Rad1 {[%emt 0:02:17]} Bf8 {[%emt 0:05:54]} 16. Bc1 {[%emt 0:03:11]} Ne7 {[%emt 0:03:53]} 17. Ne5 {[%emt 0:25:52]} Ned5 {[%emt 0:01:18]} 18. Ne4 $11 {[%emt 0:03:51]} Nxe4 {[%emt 0:06:57]} 19. Qxe4 {[%emt 0:04:41]} Rc7 {[%emt 0:02:21]} 20. Bb1 {[%emt 0:04:44]} Nf6 {[%emt 0:00:19]} 21. Qh4 {[%emt 0:00:57]} Qd5 {[%emt 0:16:32]} 22. Qh3 {[%emt 0:01:14]} b5 {[%emt 0:06:12]} 23. Bf4 {[%emt 0:05:13]} Rce7 {[%emt 0:05:07]} 24. Rd3 {[%emt 0:03:51]} Nh5 {[%emt 0:09:16]} 25. Bd2 {[%emt 0:03:30]} Rc7 {[%emt 0:03:54]} 26. Rf3 {[%emt 0:01:35]} Nf6 {[%emt 0:00:06]} 27. Bxh6 {[%emt 0:01:45]} gxh6 {[%emt 0:00:22]} 28. Rxf6 {[%emt 0:00:36]} Bg7 {[%emt 0:07:15]} 29. Ng4 {[%emt 0:00:52]} Qxd4 {[%emt 0:00:45]} 30. Qg3 {[%emt 0:00:34]} Qd2 {[%emt 0:02:04]} 31. Rf1 {[%emt 0:00:27]} Rec8 {[%emt 0:03:22]} 32. Nxh6+ {[%emt 0:00:29]} Kf8 {[%emt 0:00:00]} 33. Rxf7+ {[%emt 0:00:24]} Rxf7 {[%emt 0:00:07]} 34. Nxf7 {[%emt 0:00:04]} Kxf7 {[%emt 0:01:47]} 35. Qg6+ {[%emt 0:00:14]} Kf8 {[%emt 0:00:10]} 36. Qxe6 {[%emt 0:00:15]} Qd5 {[%emt 0:03:01]} 37. Qh3 {[%emt 0:01:33]} Bxb2 {[%emt 0:02:10]} 38. Re1 {[%emt 0:00:32]} Rc7 {[%emt 0:01:21]} 39. Qh6+ {[%emt 0:00:29]} Rg7 {[%emt 0:01:38]} 40. Be4 {[%emt 0:00:00]} Qe5 {[%emt 0:00:00]} 41. Qh8+ {[%emt 0:16:23]} Kf7 {[%emt 0:05:26]} 42. Bg6+ {[%emt 0:03:21]} Kxg6 {[%emt 0:00:06]} 43. Rxe5 {[%emt 0:02:04]} Bxe5 {[%emt 0:00:01]} 44. g4 {[%emt 0:03:01]} Kf7 {[%emt 0:03:55]} 45. Qh5+ {[%emt 0:01:38]} Ke6 {[%emt 0:00:01]} 46. f4 {[%emt 0:01:11]} Bd4+ {[%emt 0:02:00]} 47. Kf1 {[%emt 0:00:02]} a6 {[%emt 0:09:48]} 48. Qe8+ {[%emt 0:04:00]} Kd6 {[%emt 0:01:40]} 49. g5 {[%emt 0:01:35]} Bf3 {[%emt 0:03:21]} 50. f5 {[%emt 0:01:06]} Kc5 {[%emt 0:03:02]} 51. Qc8+ {[%emt 0:00:44]} Kb6 {[%emt 0:00:40]} 52. Qd8+ {[%emt 0:00:36]} Kc5 {[%emt 0:00:05]} 53. Qc8+ {[%emt 0:00:09]} Kb6 {[%emt 0:00:04]} 54. Qb8+ {[%emt 0:01:11]} Kc5 {[%emt 0:00:36]} 55. Qf4 {[%emt 0:00:16]} Bd5 {[%emt 0:00:51]} 56. f6 {[%emt 0:00:32]} Bc4+ {[%emt 0:03:07]} 57. Kg2 {[%emt 0:00:06]} Bd5+ {[%emt 0:00:14]} 58. Kf1 {[%emt 0:00:09]} Bc4+ {[%emt 0:00:03]} 59. Kg2 {[%emt 0:00:07]} Bd5+ {[%emt 0:00:04]} 60. Kg3 {[%emt 0:00:19]} Rf7 {[%emt 0:00:43]} 61. h4 {[%emt 0:01:14]} a5 {[%emt 0:01:05]} 62. Qb8 {[%emt 0:01:28]} b4 {[%emt 0:00:39]} 63. Qc8+ {[%emt 0:00:37]} Kb5 {[%emt 0:02:17]} 64. Qf5 {[%emt 0:00:30]} Kc5 {[%emt 0:01:36]} 65. Qc8+ {[%emt 0:00:26]} Kb5 {[%emt 0:00:01]} 66. Qf5 {[%emt 0:00:06]} Kc5 {[%emt 0:00:01]} 67. Qc2+ {[%emt 0:00:57]} Kd6 {[%emt 0:00:19]} 68. Qa4 {[%emt 0:00:38]} Be5+ {[%emt 0:02:24]} 69. Kg4 {[%emt 0:00:14]} Be6+ {[%emt 0:01:15]} 70. Kh5 {[%emt 0:00:43]} Rh7+ {[%emt 0:01:31]} 71. Kg6 {[%emt 0:00:04]} Rxh4 {[%emt 0:00:04]} 72. Qxa5 {[%emt 0:00:35]} b3 {[%emt 0:00:09]} 73. Qb6+ {[%emt 0:00:35]} Kd7 {[%emt 0:00:08]} 74. Qb5+ {[%emt 0:00:36]} Kd6 {[%emt 0:00:01]} 75. Qb8+ {[%emt 0:00:12]} Kd5 {[%emt 0:00:44]} 76. Qxb3+ {[%emt 0:00:05]} Kd6 {[%emt 0:00:03]} 77. Qb6+ {[%emt 0:00:37]} Kd5 {[%emt 0:00:48]} 78. f7 {[%emt 0:01:09]} Rf4 {[%emt 0:01:30]} 79. Qb5+ {[%emt 0:00:35]} Ke4 {[%emt 0:01:17]} 80. f8=Q {[%emt 0:00:33]} 1-0

[Event "IND-ch Women 2019"]
[Site "Karaikkudi"]
[Date "2019.07.25"]
[Round "9.9"]
[White "Vijayalakshmi, Subbaraman"]
[Black "Nandhini, Saripalli"]
[Result "1-0"]
[WhiteElo "2357"]
[BlackElo "1933"]
[Annotator "NA"]
[PlyCount "51"]
[EventDate "2019.07.19"]
[EventType "swiss"]
[EventCountry "IND"]
[SourceTitle "playchess.com"]
[Source "ChessBase"]
[SourceQuality "1"]
[TimeControl "40/5400+30:1800+30"]

1. Nf3 {[%emt 0:03:13]} Nf6 {[%emt 0:00:00]} 2. g3 {[%emt 0:00:08]} e6 {[%emt 0:00:53]} 3. Bg2 {[%emt 0:00:09]} d5 {[%emt 0:00:06]} 4. d4 {[%emt 0:00:16]} c5 {[%emt 0:07:34]} 5. O-O {[%emt 0:01:11]} Be7 {[%emt 0:04:14]} 6. dxc5 {[%emt 0:06:07]} O-O {[%emt 0:04:42]} 7. c4 {[%emt 0:08:29]} dxc4 {[%emt 0:12:11]} 8. Qc2 {[%emt 0:05:32]} Bxc5 {[%emt 0:02:50]} 9. Qxc4 {[%emt 0:02:27]} Qe7 {[%emt 0:05:43]} 10. Nc3 {[%emt 0:02:55]} Nbd7 {[%emt 0:18:23]} 11. Rd1 {[%emt 0:03:27]} a6 {[%emt 0:02:27]} 12. Bg5 {[%emt 0:08:33]} b5 {[%emt 0:02:57]} 13. Qh4 {[%emt 0:02:35]} h6 {[%emt 0:05:53] [#]} 14. Ne4 $1 {[%emt 0:04:44]} hxg5 {[%emt 0:13:27]} 15. Nfxg5 {[%emt 0:01:53]} Rd8 {[%emt 0:02:03]} 16. Nxf6+ {[%emt 0:06:30]} Nxf6 $18 {[%emt 0:04:50]} (16... Qxf6 $142 17. Bxa8 Bxf2+ 18. Kh1 Be3) 17. Bxa8 {[%emt 0:00:29]} Bb6 {[%emt 0:01:39]} 18. Bf3 {[%emt 0:01:18]} Bb7 {[%emt 0:00:28]} 19. Rxd8+ {[%emt 0:02:44]} Bxd8 {[%emt 0:00:08]} 20. Rd1 {[%emt 0:00:49]} Bb6 {[%emt 0:00:36]} 21. Bxb7 {[%emt 0:02:40]} Qxb7 {[%emt 0:00:05]} 22. Qf4 {[%emt 0:00:48]} Bc7 {[%emt 0:02:29]} 23. Rd7 {[%emt 0:02:07]} e5 {[%emt 0:03:48]} 24. Qxe5 {[%emt 0:01:35]} Bxe5 {[%emt 0:00:03]} 25. Rd8+ {[%emt 0:00:14]} Ne8 {[%emt 0:00:01]} 26. Rxe8# {[%emt 0:00:07]} 1-0

[Event "IND-ch Women 2019"]
[Site "Karaikkudi"]
[Date "2019.07.25"]
[Round "9.10"]
[White "Meenal Gupta"]
[Black "Srija, Seshadri"]
[Result "0-1"]
[WhiteElo "2004"]
[BlackElo "2306"]
[Annotator "NA"]
[PlyCount "78"]
[EventDate "2019.07.19"]
[EventType "swiss"]
[EventCountry "IND"]
[SourceTitle "playchess.com"]
[Source "ChessBase"]
[SourceQuality "1"]
[TimeControl "40/5400+30:1800+30"]

1. e4 {[%emt 0:00:00]} e5 {[%emt 0:00:00]} 2. Nf3 {[%emt 0:00:00]} Nc6 {[%emt 0:00:00]} 3. Bb5 {[%emt 0:00:00]} g6 {[%emt 0:00:15]} 4. c3 {[%emt 0:00:04]} Bg7 {[%emt 0:00:28]} 5. O-O {[%emt 0:00:12]} a6 {[%emt 0:00:25]} 6. Ba4 {[%emt 0:00:06]} Nge7 {[%emt 0:00:25]} 7. d4 {[%emt 0:00:11]} exd4 {[%emt 0:00:13]} 8. cxd4 {[%emt 0:00:07]} b5 {[%emt 0:00:13] C60: Ruy Lopez: Unusual Black 3rd moves and 3...g6} 9. Bb3 {[%emt 0:00:08]} d6 {[%emt 0:00:20]} (9... O-O 10. Nc3 d6 11. h3 Na5 12. Bc2 c5 13. dxc5 dxc5 14. Qxd8 Rxd8 {0-1 (65) Vachier Lagrave,M (2789)-Mamedyarov,S (2808) Leuven 2018}) 10. a4 {[%emt 0:03:50]} b4 {[%emt 0:02:45]} 11. Be3 {[%emt 0:07:35]} O-O {[%emt 0:02:36]} 12. Qc2 $146 {[%emt 0:00:56]} ({Predecessor:} 12. Nbd2 Na5 13. Bc2 Bb7 14. Qe2 Rb8 15. Bd3 Qc8 16. Rac1 {1-0 (48) Sam,G (2069)-Tomasi,A (2200) Khanty-Mansiysk 2016}) 12... Na5 {[%emt 0:01:17]} 13. Nbd2 {[%emt 0:02:38]} Nxb3 {[%emt 0:04:45]} 14. Qxb3 {[%emt 0:04:26]} a5 {[%emt 0:00:19]} 15. Rac1 {[%emt 0:08:59]} c6 {[%emt 0:02:08]} 16. Bg5 {[%emt 0:03:00]} Bd7 {[%emt 0:08:55]} 17. d5 {[%emt 0:17:32]} (17. Qd3 $14) 17... cxd5 {[%emt 0:00:39]} 18. exd5 {[%emt 0:00:10]} h6 {[%emt 0:11:52]} 19. Bxe7 {[%emt 0:06:15]} Qxe7 {[%emt 0:00:13]} 20. Nc4 {[%emt 0:00:03]} Ra6 {[%emt 0:15:29]} 21. Rfd1 $15 {[%emt 0:04:34]} (21. Rfe1 $5 {[%cal Re1e7]} Qf6 22. Qc2 $11) 21... Rc8 {[%emt 0:08:33]} 22. Nd4 {[%emt 0:08:56]} Rc5 {[%emt 0:03:30]} 23. Nb5 {[%emt 0:17:52]} Bxb5 {[%emt 0:01:07]} 24. axb5 {[%emt 0:00:04]} Rxb5 {[%emt 0:00:26]} 25. Qa4 {[%emt 0:00:37]} Rc5 {[%emt 0:00:36]} 26. b3 {[%emt 0:01:03]} Bc3 {[%emt 0:03:21]} 27. Rd3 {[%emt 0:14:12]} Ra8 {[%emt 0:07:36]} 28. Nb6 {[%emt 0:00:00]} Rd8 {[%emt 0:01:36]} 29. h4 {[%emt 0:00:00]} Bd4 {[%emt 0:07:47]} 30. Rcd1 {[%emt 0:00:00]} Bxf2+ {[%emt 0:04:01]} 31. Kxf2 {[%emt 0:00:00]} Qa7 {[%emt 0:01:22]} 32. Re1 {[%emt 0:00:00]} Qxb6 {[%emt 0:00:23]} 33. Re8+ {[%emt 0:00:00]} Kg7 {[%emt 0:00:23]} 34. Kg3 {[%emt 0:00:00]} Rc3 {[%emt 0:02:34]} 35. Ree3 {[%emt 0:00:00]} Rxd3 {[%emt 0:03:47]} 36. Rxd3 {[%emt 0:00:00]} Qg1 {[%emt 0:01:45]} 37. Qxa5 {[%emt 0:00:00]} Qe1+ {[%emt 0:00:06]} 38. Kh3 {[%emt 0:00:00]} Re8 {[%emt 0:00:23]} 39. Qb6 {[%emt 0:00:00]} Re4 {[%emt 0:00:24]} 0-1

[Event "IND-ch Women 2019"]
[Site "Karaikkudi"]
[Date "2019.07.25"]
[Round "9.11"]
[White "Saranya, J."]
[Black "Mohota, Nisha"]
[Result "0-1"]
[WhiteElo "2067"]
[BlackElo "2221"]
[Annotator "NA"]
[PlyCount "58"]
[EventDate "2019.07.19"]
[EventType "swiss"]
[EventCountry "IND"]
[SourceTitle "playchess.com"]
[Source "ChessBase"]
[SourceQuality "1"]
[TimeControl "40/5400+30:1800+30"]

1. e4 {[%emt 0:00:00]} Nf6 {[%emt 0:00:00]} 2. e5 {[%emt 0:00:00]} Nd5 {[%emt 0:00:00]} 3. d4 {[%emt 0:00:00]} d6 {[%emt 0:00:00]} 4. c4 {[%emt 0:00:10]} Nb6 {[%emt 0:00:00]} 5. exd6 {[%emt 0:00:08]} cxd6 {[%emt 0:00:00]} 6. Nc3 {[%emt 0:00:19]} g6 {[%emt 0:00:00]} 7. Be3 {[%emt 0:00:14]} Bg7 {[%emt 0:00:00]} 8. Rc1 {[%emt 0:00:21]} O-O {[%emt 0:00:00]} 9. b3 {[%emt 0:00:14]} Bf5 {[%emt 0:00:02]} 10. Be2 {[%emt 0:01:41]} d5 {[%emt 0:00:22]} 11. c5 {[%emt 0:00:30]} Nc8 {[%emt 0:00:08]} 12. Bf3 {[%emt 0:00:54]} e5 {[%emt 0:00:06]} 13. dxe5 {[%emt 0:01:50]} Nc6 {[%emt 0:00:01]} 14. Qxd5 {[%emt 0:16:10]} (14. g4 $11 {was the only way to keep the balance.} Be6 15. Bxd5) 14... Qa5 {[%emt 0:00:03]} 15. Qd2 {[%emt 0:25:21]} Rd8 {[%emt 0:15:58]} 16. Qb2 $19 {[%emt 0:06:48]} (16. Nd5 $17 {might work better.} Qxd2+ 17. Bxd2 Nxe5 18. Nc7 Nd3+ 19. Kf1) 16... N8e7 {[%emt 0:28:05]} 17. Be2 {[%emt 0:08:10]} Nxe5 {[%emt 0:03:05]} 18. Nf3 {[%emt 0:03:31]} Nd3+ {[%emt 0:04:44]} 19. Bxd3 {[%emt 0:01:21]} Bxd3 {[%emt 0:00:02]} 20. b4 {[%emt 0:03:54]} Qa6 {[%emt 0:02:56]} 21. Qb3 {[%emt 0:01:00]} Bc4 {[%emt 0:08:34]} 22. Qc2 {[%emt 0:02:12]} Nf5 {[%emt 0:01:14]} 23. a4 {[%emt 0:06:12]} Qe6 {[%emt 0:02:35]} 24. Ne2 {[%emt 0:03:41]} Nxe3 {[%emt 0:04:33]} 25. fxe3 {[%emt 0:00:06]} Bb3 {[%emt 0:00:23]} 26. Qb1 {[%emt 0:02:05]} Qxe3 {[%emt 0:00:10]} 27. Kf1 {[%emt 0:03:17]} Bd5 {[%emt 0:04:48]} 28. Ne1 {[%emt 0:06:47]} Be4 {[%emt 0:03:32]} 29. Nc2 {[%emt 0:03:04]} Bxg2+ {[%emt 0:00:37]} 0-1

[Event "IND-ch Women 2019"]
[Site "Karaikkudi"]
[Date "2019.07.25"]
[Round "9.12"]
[White "Sharma Isha"]
[Black "Potluri Saye Srreezza"]
[Result "1-0"]
[WhiteElo "2188"]
[BlackElo "1999"]
[Annotator "NA"]
[PlyCount "93"]
[EventDate "2019.07.19"]
[EventType "swiss"]
[EventCountry "IND"]
[SourceTitle "playchess.com"]
[Source "ChessBase"]
[SourceQuality "1"]
[TimeControl "40/5400+30:1800+30"]

1. e4 {[%emt 0:00:00]} d5 {[%emt 0:00:00]} 2. exd5 {[%emt 0:00:00]} Qxd5 {[%emt 0:00:00]} 3. Nc3 {[%emt 0:00:00]} Qa5 {[%emt 0:00:00]} 4. d4 {[%emt 0:00:12]} c6 {[%emt 0:00:04]} 5. Nf3 {[%emt 0:00:09]} Nf6 {[%emt 0:00:15]} 6. Bd2 {[%emt 0:00:05]} Qc7 {[%emt 0:00:35]} 7. g3 {[%emt 0:01:38] B01: Scandinavian Defence} (7. Bc4 Bf5 8. Ne5 e6 9. g4 Be4 10. Nxe4 Nxe4 11. Bf4 Nd7 12. Qf3 Nxe5 13. Bxe5 Nd6 14. O-O-O O-O-O 15. Bb3 Rg8 16. c4 Qd7 17. Qe3 {½-½ (68) Gabrielian,A (2560)-Bocharov,I (2472) Kaliningrad 2015}) 7... Bg4 {[%emt 0:03:26]} 8. Bg2 {[%emt 0:02:12]} e6 {[%emt 0:00:37]} 9. O-O {[%emt 0:01:20]} Bd6 {[%emt 0:00:32]} 10. Ne2 {[%emt 0:00:44]} Nbd7 {[%emt 0:01:31]} 11. c4 $146 {[%emt 0:03:23]} ({Predecessor:} 11. Re1 O-O 12. h3 Bh5 13. Nf4 Bxf3 14. Qxf3 Nb6 {½-½ (23) Redondo Arguelles,L-Aparicio Garcia,E Asturias 1997}) 11... b6 {[%emt 0:04:14]} 12. b4 {[%emt 0:03:28]} O-O {[%emt 0:08:25]} 13. c5 {[%emt 0:01:57]} Be7 {[%emt 0:09:12]} 14. Bf4 {[%emt 0:02:06]} Qc8 {[%emt 0:02:22]} 15. Nc3 {[%emt 0:03:22]} Nd5 {[%emt 0:03:33]} 16. Nxd5 {[%emt 0:01:49]} exd5 {[%emt 0:01:00]} 17. h3 {[%emt 0:00:47]} Bxf3 {[%emt 0:00:55]} 18. Bxf3 {[%emt 0:01:26]} b5 {[%emt 0:01:50]} 19. Re1 {[%emt 0:00:21]} Re8 {[%emt 0:00:28]} 20. a4 {[%emt 0:04:06]} a6 {[%emt 0:08:38]} 21. axb5 {[%emt 0:13:49]} axb5 {[%emt 0:00:15]} 22. Bg4 {[%emt 0:00:03]} Rxa1 {[%emt 0:12:19]} 23. Qxa1 $11 {[%emt 0:00:06]} Bf6 {[%emt 0:00:45]} 24. Bd6 {[%emt 0:06:58]} Qd8 {[%emt 0:16:12]} 25. Rd1 {[%emt 0:01:23]} Nf8 {[%emt 0:17:54]} 26. Qa6 {[%emt 0:04:34]} h5 {[%emt 0:02:34]} 27. Bxh5 {[%emt 0:03:16]} Qc8 {[%emt 0:00:21]} 28. Qa7 {[%emt 0:02:26]} g6 {[%emt 0:04:04]} 29. Bg4 {[%emt 0:00:37]} Ne6 {[%emt 0:01:36]} 30. Qa1 {[%emt 0:18:19]} Qa8 {[%emt 0:00:48]} 31. Qxa8 {[%emt 0:01:33]} Rxa8 {[%emt 0:00:07]} 32. Bxe6 {[%emt 0:00:09]} fxe6 {[%emt 0:00:06]} 33. Be5 {[%emt 0:00:25]} Kf7 {[%emt 0:00:34]} 34. Kg2 {[%emt 0:00:23]} Ra4 {[%emt 0:00:32]} 35. Rb1 {[%emt 0:00:09]} Bg5 {[%emt 0:00:40]} 36. f4 {[%emt 0:00:34]} Ra2+ {[%emt 0:00:26]} 37. Kf3 {[%emt 0:00:07]} Ra3+ {[%emt 0:00:09]} 38. Kg4 {[%emt 0:02:08]} Bd8 {[%emt 0:00:10]} 39. Rb2 {[%emt 0:00:25]} Be7 {[%emt 0:00:17]} 40. Bc7 {[%emt 0:00:00]} Bf6 {[%emt 0:00:00]} 41. Be5 {[%emt 0:02:17]} Be7 {[%emt 0:01:13]} 42. h4 {[%emt 0:00:13]} Bd8 {[%emt 0:00:30]} 43. Rh2 {[%emt 0:03:01]} Ra4 {[%emt 0:04:03]} 44. h5 {[%emt 0:00:25]} gxh5+ {[%emt 0:01:05]} 45. Rxh5 {[%emt 0:00:03]} Rxb4 {[%emt 0:00:14]} 46. Rh7+ {[%emt 0:00:08]} Ke8 {[%emt 0:00:13]} 47. f5 {[%emt 0:02:11]} 1-0

[Event "IND-ch Women 2019"]
[Site "Karaikkudi"]
[Date "2019.07.25"]
[Round "9.13"]
[White "Bakshi, Rutuja"]
[Black "Parnali, S Dharia"]
[Result "1/2-1/2"]
[WhiteElo "1958"]
[BlackElo "2145"]
[Annotator "ChessBase"]
[PlyCount "22"]
[EventDate "2019.07.19"]
[EventType "swiss"]
[EventCountry "IND"]
[SourceTitle "playchess.com"]
[Source "ChessBase"]
[SourceQuality "1"]
[TimeControl "40/5400+30:1800+30"]

1. Nf3 {[%emt 0:00:00]} d5 {[%emt 0:01:26]} 2. c4 {[%emt 0:00:21]} e6 {[%emt 0:03:21]} 3. d4 {[%emt 0:00:28]} Nf6 {[%emt 0:00:25]} 4. g3 {[%emt 0:00:04]} dxc4 {[%emt 0:07:46]} 5. Qa4+ {[%emt 0:05:32]} Bd7 {[%emt 0:01:27]} 6. Qxc4 {[%emt 0:00:10]} Bc6 {[%emt 0:00:07]} 7. Bg2 {[%emt 0:00:32]} Bd5 {[%emt 0:01:08]} 8. Qd3 {[%emt 0:02:32]} Be4 {[%emt 0:00:38]} 9. Qc4 {[%emt 0:02:31]} Bd5 {[%emt 0:03:06]} 10. Qd3 {[%emt 0:00:10]} Be4 {[%emt 0:00:16]} 11. Qc4 {[%emt 0:00:08]} Bd5 {[%emt 0:43:51]} 1/2-1/2

[Event "IND-ch Women 2019"]
[Site "Karaikkudi"]
[Date "2019.07.25"]
[Round "9.14"]
[White "Jain Nityata"]
[Black "Sanskriti Goyal"]
[Result "1-0"]
[WhiteElo "2135"]
[BlackElo "1948"]
[Annotator "NA"]
[PlyCount "81"]
[EventDate "2019.07.19"]
[EventType "swiss"]
[EventCountry "IND"]
[SourceTitle "playchess.com"]
[Source "ChessBase"]
[SourceQuality "1"]
[TimeControl "40/5400+30:1800+30"]

1. e4 {[%emt 0:00:00]} d6 {[%emt 0:00:00]} 2. d4 {[%emt 0:00:00]} Nf6 {[%emt 0:00:00]} 3. Nc3 {[%emt 0:00:00]} g6 {[%emt 0:00:00]} 4. f4 {[%emt 0:00:01]} Bg7 {[%emt 0:00:41]} 5. Nf3 {[%emt 0:00:06]} O-O {[%emt 0:00:06]} 6. e5 {[%emt 0:00:02]} Nfd7 {[%emt 0:00:29]} 7. Bc4 {[%emt 0:00:08]} Nb6 {[%emt 0:08:15]} 8. Bb3 {[%emt 0:00:13]} Nc6 {[%emt 0:00:44]} 9. a4 {[%emt 0:00:32]} dxe5 {[%emt 0:13:53]} 10. fxe5 {[%emt 0:05:24]} Bg4 {[%emt 0:01:23]} 11. a5 {[%emt 0:08:19]} Bxf3 {[%emt 0:02:47]} 12. gxf3 {[%emt 0:00:46]} Nc8 {[%emt 0:01:01]} 13. Be3 {[%emt 0:03:20]} e6 {[%emt 0:05:56]} 14. Ne4 {[%emt 0:13:30]} Qh4+ {[%emt 0:20:13]} 15. Bf2 $14 {[%emt 0:03:51]} Qf4 {[%emt 0:00:22]} 16. Qe2 {[%emt 0:06:37]} h5 {[%emt 0:10:55]} 17. h4 {[%emt 0:07:47]} Bh6 {[%emt 0:02:04]} 18. c3 {[%emt 0:16:54]} N8e7 {[%emt 0:03:33]} 19. Bg3 {[%emt 0:05:35]} Qe3 {[%emt 0:04:56]} 20. Qxe3 {[%emt 0:01:09]} Bxe3 {[%emt 0:00:02]} 21. f4 {[%emt 0:02:21]} Nf5 {[%emt 0:01:31]} 22. Rf1 {[%emt 0:03:35]} Nce7 {[%emt 0:06:48]} 23. Rf3 {[%emt 0:06:40]} Rfd8 {[%emt 0:05:19]} 24. Rd1 {[%emt 0:02:05]} b6 {[%emt 0:04:37]} 25. axb6 {[%emt 0:06:49]} axb6 {[%emt 0:00:06]} 26. Ke2 {[%emt 0:00:15]} Bxd4 {[%emt 0:00:48]} 27. Rfd3 {[%emt 0:02:29]} Nc6 {[%emt 0:04:54]} 28. cxd4 {[%emt 0:00:21]} Nfxd4+ {[%emt 0:00:06]} 29. Ke1 {[%emt 0:01:21]} Nxb3 {[%emt 0:01:17]} 30. Rxb3 {[%emt 0:01:18]} Rxd1+ {[%emt 0:01:11]} 31. Kxd1 {[%emt 0:00:01]} Rd8+ {[%emt 0:00:51]} 32. Ke1 {[%emt 0:00:46]} Ne7 {[%emt 0:00:20]} 33. Nf6+ {[%emt 0:01:29]} Kf8 {[%emt 0:00:02]} 34. Bf2 {[%emt 0:01:36]} Nd5 {[%emt 0:01:01]} 35. Nxd5 {[%emt 0:00:11]} exd5 {[%emt 0:00:11]} 36. Rc3 {[%emt 0:00:37]} Rd7 {[%emt 0:00:13]} 37. Rc6 {[%emt 0:00:14]} Ke7 {[%emt 0:00:20]} 38. Kd2 {[%emt 0:00:14]} Kd8 {[%emt 0:00:49]} 39. Kd3 {[%emt 0:01:31]} Re7 {[%emt 0:00:50]} 40. Kd4 {[%emt 0:00:00]} Kd7 {[%emt 0:00:00]} 41. Kxd5 {[%emt 0:02:00]} 1-0

[Event "IND-ch Women 2019"]
[Site "Karaikkudi"]
[Date "2019.07.25"]
[Round "9.15"]
[White "Kiran, Manisha Mohanty"]
[Black "Meghna, C H"]
[Result "1/2-1/2"]
[WhiteElo "2054"]
[BlackElo "1903"]
[Annotator "NA"]
[PlyCount "64"]
[EventDate "2019.07.19"]
[EventType "swiss"]
[EventCountry "IND"]
[SourceTitle "playchess.com"]
[Source "ChessBase"]
[SourceQuality "1"]
[TimeControl "40/5400+30:1800+30"]

1. e4 {[%emt 0:00:00]} e6 {[%emt 0:00:00]} 2. d4 {[%emt 0:00:00]} d5 {[%emt 0:00:00]} 3. Nc3 {[%emt 0:00:00]} Bb4 {[%emt 0:00:00]} 4. a3 {[%emt 0:00:09]} Bxc3+ {[%emt 0:00:00]} 5. bxc3 {[%emt 0:00:05]} dxe4 {[%emt 0:00:13]} 6. Qg4 $11 {[%emt 0:00:20]} Nf6 {[%emt 0:00:06]} 7. Qxg7 {[%emt 0:00:08]} Rg8 {[%emt 0:00:02]} 8. Qh6 {[%emt 0:00:10]} Bd7 {[%emt 0:00:21]} 9. Bg5 {[%emt 0:00:29]} Rg6 {[%emt 0:02:23]} 10. Qh4 {[%emt 0:04:39]} Ba4 {[%emt 0:08:31]} 11. Ne2 {[%emt 0:02:46]} Nbd7 {[%emt 0:00:38]} 12. Nf4 {[%emt 0:00:16]} Rg8 13. Be2 {[%emt 0:00:30]} Qe7 14. Nh5 {[%emt 0:00:30]} Rg6 15. Nxf6+ {[%emt 0:00:30]} Nxf6 16. Bh5 {[%emt 0:00:30]} Rxg5 17. Qxg5 {[%emt 0:00:30]} O-O-O 18. Be2 {[%emt 0:00:30]} Bxc2 19. Qa5 {[%emt 0:00:30]} Kb8 20. Ra2 {[%emt 0:00:30]} Bd3 21. Rb2 {[%emt 0:00:30]} Nd5 22. Bxd3 {[%emt 0:00:30]} exd3 23. c4 {[%emt 0:00:30]} Nf4 24. g3 {[%emt 0:00:30]} Ne2 25. Qb4 {[%emt 0:00:30]} Qxb4+ 26. axb4 {[%emt 0:00:30]} Nxd4 27. Kd2 {[%emt 0:00:30]} Nf3+ 28. Ke3 {[%emt 0:00:30]} Ne5 29. Rc1 {[%emt 0:00:30]} Ng4+ 30. Kf3 {[%emt 0:00:30]} Ne5+ 31. Ke3 {[%emt 0:00:30]} Ng4+ 32. Kf3 {[%emt 0:00:30]} Ne5+ 1/2-1/2